| 000 | 00381nam a2200169Ia 4500 | ||
|---|---|---|---|
| 008 | 210210b1910 xxu||||| |||| 00| 0 eng d | ||
| 041 | _aeng | ||
| 082 | _a485/10 | ||
| 100 | _aDEKSHITA | ||
| 245 | _aSiddhasta kaumudi purvardam | ||
| 260 |
_a- _b- _c1910 |
||
| 650 | _aSiddhasta | ||
| 650 | _apurvardam | ||
| 650 | _akaumudi | ||
| 690 | _aSanskrit Language | ||
| 906 | _a006986 | ||
| 999 |
_c141026 _d141026 |
||